[Event "Chessemy Open 2022"]
[Site "Reinstorf"]
[Date "2022.02.03"]
[Round "6.49"]
[White "Steuer, Christopher"]
[Black "Gressmann, Hanna"]
[Result "0-1"]
[WhiteElo "1574"]
[BlackElo "1892"]
[Annotator "NA"]
[PlyCount "56"]
[EventDate "2022.01.29"]
[EventType "swiss"]
[EventCountry "GER"]
[SourceTitle "playchess.com"]
[Source "ChessBase"]
[SourceQuality "1"]

1. e4 Nf6 2. e5 Nd5 3. d4 d6 4. c4 Nb6 5. exd6 exd6 6. Nc3 Nc6 7. d5 Ne5 8. f4 Ng6 9. Bd3 Be7 10. Nge2 Bg4 11. O-O Nd7 12. b4 a5 13. Rb1 axb4 14. Rxb4 Nc5 15. Bb1 Bf6 16. Qc2 Qe7 17. Bd2 O-O 18. Re1 Rfe8 19. Ng3 Qd8 20. Nce4 Bd4+ 21. Kf1 Qh4 22. Be3 Nxe4 23. Bxd4 Nxg3+ 24. hxg3 Qh1+ 25. Bg1 Rxe1+ 26. Kxe1 Qxg1+ 27. Kd2 Re8 28. Qd3 Qe1+ 0-1

[Event "Chessemy Open 2022"]
[Site "Reinstorf"]
[Date "2022.02.03"]
[Round "6.50"]
[White "Jalving, August"]
[Black "Bauer, Dieter"]
[Result "1/2-1/2"]
[WhiteElo "1835"]
[BlackElo "1670"]
[Annotator "NA"]
[PlyCount "99"]
[EventDate "2022.01.29"]
[EventType "swiss"]
[EventCountry "GER"]
[SourceTitle "playchess.com"]
[Source "ChessBase"]
[SourceQuality "1"]

1. e4 d6 2. d4 Nf6 3. Nc3 e5 4. Nf3 Nbd7 5. Bc4 Be7 6. O-O O-O 7. Re1 c6 8. a4 a5 9. Be3 Ng4 10. Bd2 exd4 11. Nxd4 Nge5 12. Bb3 Nc5 13. f4 Nxb3 14. cxb3 Nd3 15. Rf1 Nc5 16. Be3 Qc7 17. Rc1 Bd7 18. Nf3 Rad8 19. Bxc5 dxc5 20. Nd2 f6 21. Nc4 b5 22. axb5 Be6 23. Qc2 cxb5 24. Nxb5 Qb7 25. Nc3 Qb4 26. Nd5 Bxd5 27. exd5 Rxd5 28. Qe4 Qb7 29. Nxa5 Qd7 30. Rfe1 Bd8 31. Nc4 Rd3 32. Rc3 Rd1 33. Rce3 Bc7 34. f5 Rxe1+ 35. Rxe1 Rd8 36. Qe6+ Kf8 37. Qxd7 Rxd7 38. Re6 Rd5 39. g4 Be5 40. Kf1 Rd3 41. Nxe5 fxe5 42. Rxe5 Rxb3 43. Rxc5 Rxb2 44. Kg1 Kf7 45. h4 Rb4 46. Rc7+ Kf8 47. Rc8+ Kf7 48. Rc7+ Kf8 49. Rc8+ Kf7 50. Rc7+ 1/2-1/2

[Event "Chessemy Open 2022"]
[Site "Reinstorf"]
[Date "2022.02.04"]
[Round "7.1"]
[White "Van den Doel, Erik"]
[Black "Baum, Jonasz"]
[Result "1/2-1/2"]
[WhiteElo "2591"]
[BlackElo "2287"]
[Annotator "TA"]
[PlyCount "56"]
[EventDate "2022.01.29"]
[EventType "swiss"]
[EventCountry "GER"]
[SourceTitle "playchess.com"]
[Source "ChessBase"]
[SourceQuality "1"]

1. d4 Nf6 2. Nf3 d5 3. c4 e6 4. Nc3 Bb4 5. Qa4+ Nc6 6. Bg5 dxc4 7. e3 Bd7 8. Qc2 b5 9. a4 a6 10. Bxf6 gxf6 11. Be2 Na5 12. axb5 axb5 13. O-O O-O 14. e4 Kh8 15. e5 Bc6 16. exf6 Qxf6 17. Ne5 Nb3 18. Rxa8 Bxa8 19. Nxb5 Nxd4 20. Nxd4 Qxe5 21. Nf3 Bxf3 22. Bxf3 Bd6 23. g3 Rb8 24. Qxc4 Qxb2 25. Kg2 Qb4 26. Qc6 Qb5 27. Qc2 Qc5 28. Qd2 Qe5 1/2-1/2

[Event "Chessemy Open 2022"]
[Site "Reinstorf"]
[Date "2022.02.04"]
[Round "7.1"]
[White "Rick, Uwe"]
[Black "Schomann, Michael"]
[Result "1-0"]
[WhiteElo "2107"]
[BlackElo "1668"]
[Annotator "TA"]
[PlyCount "47"]
[EventDate "2022.01.29"]
[EventType "swiss"]
[EventCountry "GER"]
[SourceTitle "playchess.com"]
[Source "ChessBase"]
[SourceQuality "1"]

1. c4 e5 2. g3 Nc6 3. Bg2 Nf6 4. Nc3 g6 5. e4 Bg7 6. Nge2 O-O 7. O-O d6 8. d3 Be6 9. h3 Qd7 10. Kh2 Rab8 11. f4 Qe8 12. f5 Bd7 13. g4 h6 14. g5 hxg5 15. Bxg5 Nh7 16. Be3 gxf5 17. exf5 Nf6 18. Ng3 b6 19. Nh5 Nxh5 20. Qxh5 f6 21. Bd5+ Rf7 22. Bh6 Bxh6 23. Qxh6 Qe7 24. Rg1# 1-0

[Event "Chessemy Open 2022"]
[Site "Reinstorf"]
[Date "2022.02.04"]
[Round "7.2"]
[White "Tan, Justin"]
[Black "Koellner, Ruben Gideon"]
[Result "1-0"]
[WhiteElo "2526"]
[BlackElo "2428"]
[Annotator "TA"]
[PlyCount "77"]
[EventDate "2022.01.29"]
[EventType "swiss"]
[EventCountry "GER"]
[SourceTitle "playchess.com"]
[Source "ChessBase"]
[SourceQuality "1"]

1. e4 e5 2. Nf3 Nc6 3. d4 exd4 4. Nxd4 Nf6 5. Nxc6 bxc6 6. Bd3 d5 7. exd5 Qe7+ 8. Be2 Ba6 9. Bg5 Bxe2 10. Qxe2 Qxe2+ 11. Kxe2 Ne4 12. Bf4 cxd5 13. Rd1 c6 14. c4 Nf6 15. Nc3 Bb4 16. Be5 O-O-O 17. Bxf6 gxf6 18. cxd5 Bxc3 19. bxc3 Rhe8+ 20. Kf3 cxd5 21. Rd4 Re5 22. Rad1 Rd7 23. g3 Rc7 24. R1d3 Rc5 25. Rh4 h5 26. Rf4 Rc6 27. Ra4 Kb7 28. Ra5 Rd6 29. Rd4 a6 30. Rc5 Kb6 31. Rc8 Rc6 32. Rb4+ Kc5 33. Rf8 Rf5+ 34. Kg2 Kd6 35. Rb3 Ke7 36. Rbb8 Rxc3 37. Rbd8 Rxf2+ 38. Kxf2 f5 39. Rfe8+ 1-0

[Event "Chessemy Open 2022"]
[Site "Reinstorf"]
[Date "2022.02.04"]
[Round "7.2"]
[White "Tiede, Andreas"]
[Black "Schoell, Tobias"]
[Result "1/2-1/2"]
[WhiteElo "1982"]
[BlackElo "1635"]
[Annotator "TA"]
[PlyCount "108"]
[EventDate "2022.01.29"]
[EventType "swiss"]
[EventCountry "GER"]
[SourceTitle "playchess.com"]
[Source "ChessBase"]
[SourceQuality "1"]

1. c4 c6 2. g3 Nf6 3. Nf3 d5 4. Bg2 e6 5. O-O Nbd7 6. Nc3 Nb6 7. cxd5 exd5 8. d4 Bd6 9. Ne5 O-O 10. f4 Re8 11. b3 Nfd7 12. Bd2 Nf8 13. e3 Ba3 14. g4 Bb2 15. Rb1 Bxc3 16. Bxc3 f6 17. Nd3 Rxe3 18. f5 Bd7 19. Qd2 Re8 20. Bb4 Qb8 21. Rbe1 h6 22. Rf2 Nc8 23. Rfe2 Nd6 24. Re7 a5 25. Ba3 Nb5 26. Rxe8 Bxe8 27. Bxf8 Kxf8 28. Nf4 Bf7 29. a4 Nd6 30. Qc3 Qc7 31. Nxd5 Bxd5 32. Bxd5 Re8 33. Be6 Nf7 34. Kg2 Qd6 35. Qc5 Qxc5 36. dxc5 Ng5 37. Rd1 Nxe6 38. fxe6 Rxe6 39. Rd7 Re7 40. Rd8+ Kf7 41. Kf3 Re5 42. Rd7+ Kg6 43. Rxb7 Rxc5 44. h4 h5 45. gxh5+ Rxh5 46. Kg3 Rd5 47. b4 axb4 48. Rxb4 Rd3+ 49. Kg2 Ra3 50. Rc4 Kh5 51. Kh2 g6 52. Rxc6 Rxa4 53. Rxf6 Rxh4+ 54. Kg3 Ra4 1/2-1/2

[Event "Chessemy Open 2022"]
[Site "Reinstorf"]
[Date "2022.02.04"]
[Round "7.3"]
[White "Kozak, Adam"]
[Black "Schulze, Lara"]
[Result "1/2-1/2"]
[WhiteElo "2526"]
[BlackElo "2282"]
[Annotator "TA"]
[PlyCount "111"]
[EventDate "2022.01.29"]
[EventType "swiss"]
[EventCountry "GER"]
[SourceTitle "playchess.com"]
[Source "ChessBase"]
[SourceQuality "1"]

1. Nf3 Nf6 2. g3 d5 3. Bg2 c6 4. O-O Bg4 5. h3 Bh5 6. d4 Nbd7 7. c4 e6 8. cxd5 exd5 9. Qb3 Qb6 10. Qe3+ Be7 11. Nh4 Bg6 12. Nc3 Nf8 13. f4 Bc2 14. f5 Qc7 15. Qe5 Qxe5 16. dxe5 N6d7 17. Be3 g5 18. Rac1 gxh4 19. Rxc2 Nxe5 20. g4 Rg8 21. Kh1 Nfd7 22. Bd4 f6 23. e4 dxe4 24. Nxe4 Kf7 25. Bf2 h5 26. gxh5 Rh8 27. Bxh4 Rxh5 28. Bg3 Nb6 29. Re2 Nd5 30. Nc3 Nxc3 31. bxc3 Rd8 32. Rb1 b6 33. Bxe5 fxe5 34. Rxe5 Rd2 35. Rbe1 Bf6 36. R5e2 Rxe2 37. Rxe2 Rxf5 38. Bxc6 Bxc3 39. Kg2 Bf6 40. Rd2 Re5 41. Rd7+ Re7 42. Rd6 Re3 43. Bd5+ Kg7 44. Rc6 Rc3 45. Re6 Rc5 46. Bb3 Re5 47. Rc6 Re3 48. Rc7+ Re7 49. Rc4 a5 50. Ba4 Re2+ 51. Kf3 Rxa2 52. Ke4 Re2+ 53. Kd5 Re5+ 54. Kc6 Rc5+ 55. Rxc5 bxc5 56. Kxc5 1/2-1/2

[Event "Chessemy Open 2022"]
[Site "Reinstorf"]
[Date "2022.02.04"]
[Round "7.4"]
[White "Pubantz, Jan"]
[Black "Zaragatski, Ilja"]
[Result "0-1"]
[WhiteElo "2286"]
[BlackElo "2509"]
[Annotator "TA"]
[PlyCount "126"]
[EventDate "2022.01.29"]
[EventType "swiss"]
[EventCountry "GER"]
[SourceTitle "playchess.com"]
[Source "ChessBase"]
[SourceQuality "1"]

1. d4 d5 2. c4 e6 3. Nf3 Nf6 4. g3 Be7 5. Bg2 O-O 6. O-O c6 7. Nc3 a5 8. b3 b6 9. Ne5 Nfd7 10. Nxd7 Nxd7 11. cxd5 cxd5 12. Nb5 Ba6 13. a4 Nf6 14. Bf4 Bxb5 15. axb5 Qd7 16. Qd3 Rfc8 17. Rfc1 Rxc1+ 18. Rxc1 Rc8 19. Rxc8+ Qxc8 20. Bf3 h6 21. h4 Qd7 22. Kh2 Bd6 23. Bxd6 Qxd6 24. Qc3 Qd7 25. Qd3 Ne8 26. e4 dxe4 27. Qxe4 Nd6 28. Qa8+ Qc8 29. Qa6 Qd8 30. d5 e5 31. Kg2 f5 32. Be2 Qb8 33. b4 axb4 34. Qa4 Qb7 35. Qb3 Qa8 36. Qxb4 Qxd5+ 37. Kg1 Kh7 38. Qb2 Qd4 39. Qc2 e4 40. Qc1 Nf7 41. Qf4 Qe5 42. Qd2 Qe6 43. Qc3 Ne5 44. Kg2 Qd5 45. Qe3 Nd7 46. Qf4 Nc5 47. g4 Ne6 48. Qxf5+ Qxf5 49. gxf5 Nd4 50. Bg4 Nxb5 51. Kg3 Nc3 52. Kf4 Nd5+ 53. Ke5 Nf6 54. Be2 Kg8 55. Kd6 Kf7 56. f3 e3 57. Bc4+ Kf8 58. Be2 Nh5 59. Kc6 Ng3 60. Bd3 e2 61. Bxe2 Nxe2 62. Kxb6 Nd4 63. Kc5 Nxf5 0-1

[Event "Chessemy Open 2022"]
[Site "Reinstorf"]
[Date "2022.02.04"]
[Round "7.4"]
[White "Wraga, Hermann"]
[Black "Milde, Lars"]
[Result "0-1"]
[WhiteElo "1674"]
[BlackElo "1926"]
[Annotator "TA"]
[PlyCount "56"]
[EventDate "2022.01.29"]
[EventType "swiss"]
[EventCountry "GER"]
[SourceTitle "playchess.com"]
[Source "ChessBase"]
[SourceQuality "1"]

1. e4 c5 2. Nc3 e6 3. d3 d5 4. g3 d4 5. Nb1 Nc6 6. Bg2 Bd6 7. Nf3 Nge7 8. O-O O-O 9. Re1 f6 10. Nbd2 a6 11. a4 Rb8 12. Nc4 Bc7 13. Rb1 b5 14. axb5 axb5 15. Ncd2 e5 16. h3 Be6 17. b3 Qd7 18. Kh2 Ra8 19. Qe2 Ra2 20. Nf1 Ba5 21. Rd1 Bc3 22. Ne1 Nb4 23. Bd2 Nec6 24. Bc1 Bxe1 25. Rxe1 Rxc2 26. Qf3 Ra8 27. Rb2 Rc3 28. Rd1 Bxb3 0-1

[Event "Chessemy Open 2022"]
[Site "Reinstorf"]
[Date "2022.02.04"]
[Round "7.5"]
[White "Lubbe, Nikolas"]
[Black "Mis, Mieszko"]
[Result "0-1"]
[WhiteElo "2433"]
[BlackElo "2417"]
[Annotator "TA"]
[PlyCount "70"]
[EventDate "2022.01.29"]
[EventType "swiss"]
[EventCountry "GER"]
[SourceTitle "playchess.com"]
[Source "ChessBase"]
[SourceQuality "1"]

1. d4 Nf6 2. Nf3 e6 3. c4 Bb4+ 4. Nbd2 O-O 5. a3 Bxd2+ 6. Qxd2 d5 7. Qc2 dxc4 8. Qxc4 b6 9. Bf4 Ba6 10. Qc2 c5 11. dxc5 bxc5 12. g3 Qa5+ 13. Bd2 Qb6 14. Be3 Nbd7 15. Bg2 Nd5 16. Ng5 g6 17. Bc1 Qa5+ 18. Bd2 Qb5 19. O-O Qxe2 20. Rfe1 Qd3 21. Qd1 Qd4 22. Re4 Qxb2 23. Rh4 N7f6 24. Rb1 Qxa3 25. Ra1 Qd3 26. Qc1 Rab8 27. Ne4 Nxe4 28. Bxe4 Qe2 29. Bh6 Rfc8 30. Qg5 Rb2 31. Bg7 Qxf2+ 32. Kh1 Re2 33. Qh6 Re1+ 34. Rxe1 Qxe1+ 35. Kg2 Qf1# 0-1

[Event "Chessemy Open 2022"]
[Site "Reinstorf"]
[Date "2022.02.04"]
[Round "7.5"]
[White "Ziese, Gerhard"]
[Black "Steuer, Christopher"]
[Result "1/2-1/2"]
[WhiteElo "1876"]
[BlackElo "1574"]
[Annotator "NA RC"]
[PlyCount "76"]
[EventDate "2022.01.29"]
[EventType "swiss"]
[EventCountry "GER"]
[SourceTitle "playchess.com"]
[Source "ChessBase"]
[SourceQuality "1"]

1. c4 g6 2. Nc3 c5 3. g3 Bg7 4. Bg2 Nc6 5. e3 e6 6. Nge2 Nge7 7. d4 cxd4 8. exd4 d5 9. O-O O-O 10. cxd5 exd5 11. Be3 Be6 12. Qd2 Nf5 13. Rad1 Qd7 14. Rfe1 Rfd8 15. Nb1 a5 16. Na3 Bf8 17. Nc2 Nb4 18. a3 Nxc2 19. Qxc2 Rac8 20. Qd2 a4 21. Bg5 Re8 22. Bf6 Nd6 23. Nc3 Nc4 24. Qc1 Rc6 25. Be5 Rec8 26. Rd3 Bf5 27. Rf3 Nxe5 28. Rxe5 Be4 29. Re3 Bxg2 30. Kxg2 Bh6 31. f4 Rc4 32. Qd2 Bg7 33. Rxd5 Qc6 34. Kh3 Ra8 35. Qg2 Rxd4 36. Rxd4 Qxg2+ 37. Kxg2 Bxd4 38. Re4 Bxc3 1/2-1/2

[Event "Chessemy Open 2022"]
[Site "Reinstorf"]
[Date "2022.02.04"]
[Round "7.6"]
[White "Gschnitzer, Adrian"]
[Black "Bracker, Frank"]
[Result "1/2-1/2"]
[WhiteElo "2403"]
[BlackElo "2371"]
[Annotator "TA"]
[PlyCount "91"]
[EventDate "2022.01.29"]
[EventType "swiss"]
[EventCountry "GER"]
[SourceTitle "playchess.com"]
[Source "ChessBase"]
[SourceQuality "1"]

1. e4 c5 2. Nf3 e6 3. d4 cxd4 4. Nxd4 Nc6 5. Nc3 Qc7 6. Be3 a6 7. Qf3 Ne5 8. Qg3 h5 9. Bf4 d6 10. O-O-O h4 11. Qe3 Bd7 12. h3 b5 13. a3 Nf6 14. Kb1 Rb8 15. Bh2 Be7 16. b3 g5 17. Be2 Rc8 18. Na2 Qc5 19. Kb2 a5 20. Rd2 Nh5 21. Bxh5 Rxh5 22. Bxe5 Qxe5 23. c3 Rh8 24. Rhd1 Rg8 25. Nc1 Qc5 26. b4 Qc7 27. Ncb3 a4 28. Na5 g4 29. Rc2 gxh3 30. gxh3 Bf6 31. Qd3 Qb6 32. Nf3 Be7 33. e5 d5 34. Qh7 Rg2 35. Qh8+ Bf8 36. Rd4 Qc7 37. Qxh4 Be7 38. Qh8+ Bf8 39. Rg4 Rxf2 40. Rxf2 Qxc3+ 41. Ka2 Qc1 42. Rg8 Rc2+ 43. Rxc2 Qxc2+ 44. Ka1 Qc1+ 45. Ka2 Qc2+ 46. Ka1 1/2-1/2

[Event "Chessemy Open 2022"]
[Site "Reinstorf"]
[Date "2022.02.04"]
[Round "7.6"]
[White "Klein, Gernot"]
[Black "Neves, Carlos Alberto Brasi"]
[Result "1-0"]
[WhiteElo "1862"]
[BlackElo "1914"]
[Annotator "TA"]
[PlyCount "65"]
[EventDate "2022.01.29"]
[EventType "swiss"]
[EventCountry "GER"]
[SourceTitle "playchess.com"]
[Source "ChessBase"]
[SourceQuality "1"]

1. e4 c5 2. Nf3 Nc6 3. Nc3 g6 4. d4 cxd4 5. Nxd4 Bg7 6. Be3 Nf6 7. Bc4 O-O 8. Bb3 d6 9. f3 Bd7 10. Qd2 Nxd4 11. Bxd4 b5 12. O-O-O a5 13. Kb1 a4 14. Bd5 b4 15. Ne2 Nxd5 16. Bxg7 Kxg7 17. exd5 Qa5 18. g4 Rfb8 19. h4 b3 20. Qd4+ Kg8 21. cxb3 Rb4 22. Qd2 axb3 23. a3 Rc4 24. Nc3 Ra6 25. h5 Rxc3 26. hxg6 Rc2 27. gxf7+ Kxf7 28. Rxh7+ Ke8 29. Rh8+ Kf7 30. Qf4+ Kg7 31. Qf8+ Kg6 32. Rg8+ Kh7 33. Qg7# 1-0

[Event "Chessemy Open 2022"]
[Site "Reinstorf"]
[Date "2022.02.04"]
[Round "7.7"]
[White "Hommer, Jeremy"]
[Black "Vypkhaniuk, Ihor"]
[Result "0-1"]
[WhiteElo "2220"]
[BlackElo "2426"]
[Annotator "TA"]
[PlyCount "112"]
[EventDate "2022.01.29"]
[EventType "swiss"]
[EventCountry "GER"]
[SourceTitle "playchess.com"]
[Source "ChessBase"]
[SourceQuality "1"]

1. e4 c5 2. Nf3 Nc6 3. Bb5 g6 4. O-O Bg7 5. c3 Nf6 6. Re1 O-O 7. d4 d5 8. e5 Ne4 9. Bxc6 bxc6 10. Be3 Qc7 11. Nbd2 Rb8 12. Qc1 Rb5 13. Nxe4 dxe4 14. Nd2 cxd4 15. cxd4 Bf5 16. Nb3 f6 17. Qc4+ Kh8 18. Rac1 Rc8 19. exf6 Bxf6 20. Rc2 Qd6 21. Nc5 a5 22. a3 Rd8 23. Rd1 Qd5 24. Qxd5 Rxd5 25. Na4 Rd6 26. Rcd2 Kg8 27. h3 h5 28. Kf1 Kf7 29. Ke2 g5 30. Rc1 Kg6 31. Rc4 Be6 32. Rc1 Bf5 33. Rc4 Be6 34. Rc1 Kf5 35. Nc3 Rb3 36. g4+ hxg4 37. hxg4+ Kg6 38. Nxe4 Bxg4+ 39. Kf1 Rd8 40. Nxf6 exf6 41. Kg2 Be6 42. Kf3 Bd5+ 43. Ke2 f5 44. Rg1 g4 45. Bf4 Bf3+ 46. Kf1 Rd5 47. Ke1 Rdb5 48. Rc2 Rd3 49. Rd2 Rxa3 50. Rc2 Rd3 51. Rd2 Rdb3 52. Rc2 Be4 53. Rd2 Rxb2 54. Ke2 Bf3+ 55. Kd3 R2b3+ 56. Kc2 Be4+ 0-1

[Event "Chessemy Open 2022"]
[Site "Reinstorf"]
[Date "2022.02.04"]
[Round "7.7"]
[White "Hilbenz, Guntram"]
[Black "Nguyen, Bach Khoi"]
[Result "1-0"]
[WhiteElo "1857"]
[BlackElo "1086"]
[Annotator "NA RC"]
[PlyCount "91"]
[EventDate "2022.01.29"]
[EventType "swiss"]
[EventCountry "GER"]
[SourceTitle "playchess.com"]
[Source "ChessBase"]
[SourceQuality "1"]

1. c4 e5 2. g3 Nc6 3. Bg2 Bc5 4. Nc3 d6 5. e3 a6 6. a3 Ba7 7. Nge2 h5 8. h3 h4 9. g4 f5 10. gxf5 Bxf5 11. d4 Nf6 12. b4 O-O 13. Bb2 Re8 14. O-O Qd7 15. Kh2 Qf7 16. d5 Ne7 17. e4 Bd7 18. f4 Ng6 19. f5 Nf8 20. Qe1 Qh5 21. Bf3 Qh6 22. Bc1 Qh7 23. Bg5 Bd4 24. Qxh4 Qxh4 25. Bxh4 N8h7 26. Rad1 Bb6 27. Bf2 Bxf2 28. Rxf2 Ng5 29. h4 Nf7 30. Ng3 Nh6 31. Re2 b5 32. c5 a5 33. c6 Bc8 34. Ra2 axb4 35. axb4 Rxa2+ 36. Nxa2 Nhg4+ 37. Kg1 Ne3 38. Re1 Nc2 39. Rc1 Na3 40. Nc3 Kh7 41. Ra1 Nc2 42. Ra7 Nxb4 43. Nxb5 Na6 44. Be2 Re7 45. Nxd6 cxd6 46. Rxe7 1-0

[Event "Chessemy Open 2022"]
[Site "Reinstorf"]
[Date "2022.02.04"]
[Round "7.8"]
[White "Laux, Dominik"]
[Black "Peist, Juergen"]
[Result "1/2-1/2"]
[WhiteElo "2200"]
[BlackElo "2351"]
[Annotator "TA"]
[PlyCount "65"]
[EventDate "2022.01.29"]
[EventType "swiss"]
[EventCountry "GER"]
[SourceTitle "playchess.com"]
[Source "ChessBase"]
[SourceQuality "1"]

1. e4 c5 2. Nf3 e6 3. d4 cxd4 4. Nxd4 a6 5. Nc3 Qc7 6. Bd3 Nc6 7. Nxc6 bxc6 8. f4 d5 9. O-O Nf6 10. Qe2 Be7 11. Bd2 c5 12. exd5 exd5 13. Qe5 Qd8 14. Rae1 Ra7 15. Qb8 Rb7 16. Qa8 c4 17. Bf5 O-O 18. Na4 Bb4 19. c3 Bd6 20. Bxc8 Qxc8 21. Qxa6 Qc7 22. Be3 Rbb8 23. b3 Ne4 24. bxc4 dxc4 25. Ba7 Rbe8 26. Be3 f5 27. Nb6 Nxc3 28. Qxc4+ Qxc4 29. Nxc4 Bc7 30. a3 Re4 31. Nd2 Ra4 32. g3 Rd8 33. Nb1 1/2-1/2

[Event "Chessemy Open 2022"]
[Site "Reinstorf"]
[Date "2022.02.04"]
[Round "7.9"]
[White "Lubbe, Melanie"]
[Black "Redzisz, Michal"]
[Result "1-0"]
[WhiteElo "2297"]
[BlackElo "2261"]
[Annotator "TA"]
[PlyCount "51"]
[EventDate "2022.01.29"]
[EventType "swiss"]
[EventCountry "GER"]
[SourceTitle "playchess.com"]
[Source "ChessBase"]
[SourceQuality "1"]

1. e4 c5 2. f4 Nc6 3. Nf3 g6 4. Bb5 Bg7 5. O-O Nd4 6. Nxd4 cxd4 7. Qf3 Qb6 8. Na3 a6 9. Bd3 d6 10. Nc4 Qc6 11. a4 b5 12. axb5 axb5 13. Na5 Qb6 14. b4 Rb8 15. Bb2 Nh6 16. Nb3 e5 17. Ra5 Bd7 18. fxe5 Bxe5 19. h3 f5 20. exf5 Nxf5 21. g4 Ng3 22. Re1 Kd8 23. Rxe5 dxe5 24. Qxg3 Qd6 25. Bxd4 Qxb4 26. Qxe5 1-0

[Event "Chessemy Open 2022"]
[Site "Reinstorf"]
[Date "2022.02.04"]
[Round "7.10"]
[White "Stotyn, Fabian"]
[Black "Niermann, Tristan"]
[Result "0-1"]
[WhiteElo "2174"]
[BlackElo "2263"]
[Annotator "TA"]
[PlyCount "92"]
[EventDate "2022.01.29"]
[EventType "swiss"]
[EventCountry "GER"]
[SourceTitle "playchess.com"]
[Source "ChessBase"]
[SourceQuality "1"]

1. d4 Nf6 2. c4 g6 3. Nc3 d5 4. Nf3 Bg7 5. Qb3 dxc4 6. Qxc4 O-O 7. Bf4 Nc6 8. e4 Nd7 9. Nb5 a6 10. Nc3 Nb6 11. Qc5 Nd7 12. Qc4 Nb6 13. Qc5 Bg4 14. d5 Nd7 15. Qe3 Nce5 16. Nd4 c5 17. Nb3 c4 18. Nd2 b5 19. f3 b4 20. Nd1 c3 21. bxc3 bxc3 22. Nxc3 Rc8 23. Rc1 Qa5 24. Ndb1 Nc5 25. fxg4 Nxg4 26. Qf3 Ne5 27. Bxe5 Bxe5 28. Nd2 Qa3 29. Rc2 Ne6 30. dxe6 Rxc3 31. Rxc3 Bxc3 32. exf7+ Rxf7 33. Qd1 Qc5 34. Qe2 Qd4 35. Kd1 e6 36. Kc2 Bxd2 37. Qc4 Qe3 38. Bd3 Ba5 39. Kb3 Rb7+ 40. Ka3 Bb4+ 41. Ka4 Qb6 42. Qc8+ Kg7 43. Rb1 Qa5+ 44. Kb3 Rc7 45. Qxa6 Rc3+ 46. Kb2 Qe5 0-1

[Event "Chessemy Open 2022"]
[Site "Reinstorf"]
[Date "2022.02.04"]
[Round "7.11"]
[White "Budzyn, Matthias"]
[Black "Richter, Nils"]
[Result "0-1"]
[WhiteElo "2139"]
[BlackElo "2270"]
[Annotator "TA"]
[PlyCount "118"]
[EventDate "2022.01.29"]
[EventType "swiss"]
[EventCountry "GER"]
[SourceTitle "playchess.com"]
[Source "ChessBase"]
[SourceQuality "1"]

1. e4 c6 2. d4 d5 3. e5 c5 4. dxc5 e6 5. a3 Bxc5 6. b4 Be7 7. Qg4 g6 8. Nf3 a5 9. b5 Nd7 10. Bd3 h5 11. Qf4 Nh6 12. O-O b6 13. Nc3 Bb7 14. Ne2 Qc7 15. Ned4 g5 16. Nxe6 fxe6 17. Nxg5 Qxe5 18. Bg6+ Kd8 19. Bb2 Qxg5 20. Qxg5 Bxg5 21. Bxh8 Ke7 22. Bb2 Bf6 23. Bxf6+ Nxf6 24. f3 Nf7 25. Rfe1 Nd6 26. Re5 Rg8 27. Bd3 Nc4 28. Bxc4 dxc4 29. Rae1 Bd5 30. Kf2 Kd6 31. h4 Rf8 32. Kg1 Kc5 33. a4 Kb4 34. Ra1 Kc3 35. Re3+ Kd4 36. Rae1 Nd7 37. c3+ Kc5 38. g4 Bxf3 39. Rxe6 Bxg4 40. Rc6+ Kd5 41. Rg6 Ne5 42. Rg5 Rf5 43. Rxf5 Bxf5 44. Kg2 Bc2 45. Ra1 Ke4 46. Kg3 Kd3 47. Re1 Nd7 48. Kf4 Kxc3 49. Kg5 Bd3 50. Kxh5 Kd2 51. Re7 c3 52. Rxd7 c2 53. Rc7 c1=Q 54. Rxc1 Kxc1 55. Kg5 Bxb5 56. axb5 a4 57. h5 a3 58. h6 a2 59. h7 a1=Q 0-1

[Event "Chessemy Open 2022"]
[Site "Reinstorf"]
[Date "2022.02.04"]
[Round "7.12"]
[White "Eilenberg, Jonas"]
[Black "Skytte, Rasmus"]
[Result "0-1"]
[WhiteElo "2135"]
[BlackElo "2377"]
[Annotator "TA"]
[PlyCount "108"]
[EventDate "2022.01.29"]
[EventType "swiss"]
[EventCountry "GER"]
[SourceTitle "playchess.com"]
[Source "ChessBase"]
[SourceQuality "1"]

1. d4 d5 2. Nf3 e6 3. e3 Nf6 4. Bd3 c5 5. c3 Nbd7 6. O-O Qc7 7. Nbd2 Be7 8. Re1 O-O 9. e4 dxe4 10. Nxe4 b6 11. Ne5 Bb7 12. Bf4 Nxe4 13. Bxe4 Bxe4 14. Ng6 Bd6 15. Nxf8 Nf6 16. Be5 Bb7 17. Bxf6 gxf6 18. Nxe6 fxe6 19. Qg4+ Kh8 20. Qxe6 Bxh2+ 21. Kh1 Rf8 22. d5 Be5 23. Rad1 Qg7 24. Qh3 Bc8 25. Qh4 Bd6 26. Rd3 Qg5 27. Qxg5 fxg5 28. Rde3 Bd7 29. Kg1 b5 30. c4 b4 31. a3 a5 32. Ra1 a4 33. g3 b3 34. Kg2 Kg7 35. Rh1 Rf7 36. f3 Kg6 37. g4 Rf4 38. Rc1 Rd4 39. Re2 Kf7 40. Rh1 Kg6 41. Rc1 h6 42. Kf2 Kg7 43. Kg2 Kf7 44. Kf2 h5 45. gxh5 Rh4 46. Rg1 Rxh5 47. Ke1 Kf6 48. Kd1 Rh4 49. Reg2 Rd4+ 50. Ke1 Bf4 51. Rh1 Rxc4 52. Rh6+ Kg7 53. Rb6 Rc1+ 54. Kf2 Bh3 0-1

[Event "Chessemy Open 2022"]
[Site "Reinstorf"]
[Date "2022.02.04"]
[Round "7.13"]
[White "Reichmann, Hendrik"]
[Black "Bui, Bao Anh Le"]
[Result "1/2-1/2"]
[WhiteElo "2345"]
[BlackElo "2132"]
[Annotator "TA"]
[PlyCount "36"]
[EventDate "2022.01.29"]
[EventType "swiss"]
[EventCountry "GER"]
[SourceTitle "playchess.com"]
[Source "ChessBase"]
[SourceQuality "1"]

1. d4 d5 2. Nf3 e6 3. e3 Nf6 4. Bd3 Be7 5. Nbd2 b6 6. Ne5 Bb7 7. O-O O-O 8. Qf3 Nbd7 9. Qh3 c5 10. c3 Qc7 11. Nxd7 Qxd7 12. Nf3 Ne4 13. Ne5 Qd6 14. f3 Ng5 15. Qh5 f5 16. Bd2 g6 17. Qh6 Nf7 18. Qf4 Bf6 1/2-1/2

[Event "Chessemy Open 2022"]
[Site "Reinstorf"]
[Date "2022.02.04"]
[Round "7.13"]
[White "Kewe, Stefan"]
[Black "Rennkamp, David"]
[Result "0-1"]
[WhiteElo "1814"]
[BlackElo "1496"]
[Annotator "NA RC"]
[PlyCount "72"]
[EventDate "2022.01.29"]
[EventType "swiss"]
[EventCountry "GER"]
[SourceTitle "playchess.com"]
[Source "ChessBase"]
[SourceQuality "1"]

1. d4 d5 2. Nf3 Nf6 3. c4 e6 4. g3 Bb4+ 5. Bd2 Be7 6. Bg2 O-O 7. Qc2 Nbd7 8. O-O b6 9. Nc3 Bb7 10. Ne5 Rb8 11. e4 dxe4 12. Nxe4 Bxe4 13. Bxe4 Nxe5 14. Bxh7+ Nxh7 15. dxe5 Bc5 16. Rad1 Qe7 17. Kg2 Rbd8 18. f4 Bb4 19. Bxb4 Qxb4 20. a3 Qe7 21. Rde1 Rd4 22. Rf2 Rfd8 23. Ref1 Qd7 24. b3 Rd2 25. Qe4 Qd3 26. Qc6 Qxb3 27. f5 Nf8 28. fxe6 Nxe6 29. Kh3 Rxf2 30. Rxf2 Qe3 31. Kg2 Qxe5 32. Qf3 Ng5 33. Qg4 Qe4+ 34. Qxe4 Nxe4 35. Re2 Rd2 36. Rxd2 Nxd2 0-1

[Event "Chessemy Open 2022"]
[Site "Reinstorf"]
[Date "2022.02.04"]
[Round "7.14"]
[White "Gressmann, Moritz"]
[Black "Ewert, Hannes"]
[Result "0-1"]
[WhiteElo "2114"]
[BlackElo "2274"]
[Annotator "TA"]
[PlyCount "98"]
[EventDate "2022.01.29"]
[EventType "swiss"]
[EventCountry "GER"]
[SourceTitle "playchess.com"]
[Source "ChessBase"]
[SourceQuality "1"]

1. e4 e5 2. Nf3 Nc6 3. Bc4 Bc5 4. c3 Nf6 5. d4 exd4 6. b4 Be7 7. e5 Ne4 8. b5 Na5 9. Bd3 d5 10. exd6 Nxd6 11. cxd4 O-O 12. O-O c6 13. bxc6 Nxc6 14. Nbd2 Bf5 15. Bxf5 Nxf5 16. Nb3 Qd5 17. Bb2 Rfd8 18. Rc1 Rac8 19. Re1 Bb4 20. Re2 b6 21. Rec2 f6 22. Qd3 Nfe7 23. Qc4 Qxc4 24. Rxc4 Kf7 25. g3 Bd6 26. Kg2 Nb4 27. Ba3 Nxa2 28. Rxc8 Nxc8 29. Rxc8 Rxc8 30. Bxd6 Ke6 31. Bf4 a5 32. Ne1 Kd5 33. Be3 Nb4 34. Kf3 Rc3 35. Nc1 Nc2 36. Nxc2 Rxc2 37. Nd3 b5 38. Nf4+ Kd6 39. Ke4 b4 40. Kd3 b3 41. Bd2 Ra2 42. Ne2 a4 43. Nc3 Ra1 44. Ne4+ Kd5 45. Nc3+ Kc6 46. Be3 a3 47. d5+ Kd7 48. Bd4 b2 49. Bc5 a2 0-1